McGraw -hill 's national electrical safety code ( NESC ) handbook Based on the Current 2002 National Electrical Safety Code

Kaydedildi:
Detaylı Bibliyografya
Yazar: David J Marne
Materyal Türü: Kitap
Dil:Undetermined
Baskı/Yayın Bilgisi: New York McGraw-hill 2002
Konular:
Etiketler: Etiketle
Etiket eklenmemiş, İlk siz ekleyin!
Thư viện lưu trữ: Trung tâm Học liệu Trường Đại học Cần Thơ
LEADER 00593nam a2200193Ia 4500
001 CTU_51823
008 210402s9999 xx 000 0 und d
020 |b 1155000 
082 |a 621.319'24'0218 
082 |b M353 
100 |a David J Marne 
245 0 |a McGraw -hill 's national electrical safety code ( NESC ) handbook 
245 0 |b Based on the Current 2002 National Electrical Safety Code 
260 |a New York 
260 |b McGraw-hill 
260 |c 2002 
650 |a electric engineering 
650 |x safety regulations 
980 |a Trung tâm Học liệu Trường Đại học Cần Thơ